| 000 | 01119nam a22002417a 4500 | ||
|---|---|---|---|
| 005 | 20120614170415.0 | ||
| 008 | 081007t xxu||||| |||| 00| 0 mar | ||
| 010 | _aMAR-22214 | ||
| 020 | _c90.00 | ||
| 035 | _aMR-14872 | ||
| 037 | _bD.B.Act /pub | ||
| 082 | _a780 | ||
| 100 |
_aनाटेकर, सुनील _949115 |
||
| 245 |
_aस्वरभाषा : _cसुनील नाटेकर _bशालोपयोगी गीतांची स्वरलिपी / |
||
| 246 |
_aSwarbhasha _bby Sunil Natekar |
||
| 260 |
_aवसई _bगार्गीज प्रकाशन _c2008 |
||
| 270 |
_aसी/36,ग्रीन व्हयू बिल्डिंग,समर्थ रामदास नगर,नवघर,वसई(पूर्व) _bवसई _e401210 |
||
| 300 |
_a125पृ _c22सेमी (अजिल्द) |
||
| 650 |
_aसंगीत _949164 |
||
| 650 |
_aMusic _949165 |
||
| 942 |
_2ddc _cMR _mनाटेक _h780 |
||
| 999 |
_c67990 _d67990 |
||